Head first SQL (Record no. 24385)
[ view plain ]
| 000 -LEADER | |
|---|---|
| fixed length control field | 00429nam a2200169Ia 4500 |
| 008 - FIXED-LENGTH DATA ELEMENTS--GENERAL INFORMATION | |
| fixed length control field | 230917s9999||||xx |||||||||||||| ||und|| |
| 020 ## - ISBN | |
| Price | RS725 |
| 040 ## - CATALOGING SOURCE | |
| -- | 242845 |
| Original cataloging agency | VIVEKANANDA LIBRARY |
| 041 ## - Language | |
| -- | English |
| 082 ## - DDC NUMBER | |
| Classification number | 005.133 B397H |
| 100 ## - MAIN ENTRY--PERSONAL NAME | |
| Personal name | Beighley, Lynn |
| 245 #0 - TITLE STATEMENT | |
| Title | Head first SQL |
| 260 ## - PUBLICATION, DISTRIBUTION, ETC. (IMPRINT) | |
| Place of publication, distribution, etc | Beijing |
| Name of publisher, distributor, etc | O'Reilly |
| Date of publication, distribution, etc | 2017 |
| 300 ## - PHYSICAL DESCRIPTION | |
| Pages | xxxv, 571 p. |
| 500 ## - GENERAL NOTE | |
| General note | 2907 03/11/2017 HBD17/7107 05/12/2017 Main Budget |
| 942 ## - ADDED ENTRY ELEMENTS (KOHA) | |
| Koha item type | Books |
| Withdrawn status | Lost status | Damaged status | Not for loan | Location (home branch) | Sublocation or collection (holding branch) | Date acquired | Koha issues (times borrowed) | Koha full call number | Accession No. | Koha date last seen | Koha item type |
|---|---|---|---|---|---|---|---|---|---|---|---|
| VIVEKANANDA LIBRARY | VIVEKANANDA LIBRARY | 18/12/2017 | 2 | 005.133 B397H | 364234 | 05/02/2026 | Books | ||||
| VIVEKANANDA LIBRARY | VIVEKANANDA LIBRARY | 18/12/2017 | 3 | 005.133 B397H | 364235 | 22/10/2024 | Books | ||||
| VIVEKANANDA LIBRARY | VIVEKANANDA LIBRARY | 18/12/2017 | 005.133 B397H | 364236 | 17/09/2023 | Books | |||||
| VIVEKANANDA LIBRARY | VIVEKANANDA LIBRARY | 18/12/2017 | 2 | 005.133 B397H | 364237 | 12/09/2024 | Books | ||||
| VIVEKANANDA LIBRARY | VIVEKANANDA LIBRARY | 18/12/2017 | 2 | 005.133 B397H | 364238 | 19/11/2024 | Books |
